| 000 | 01424nam a22001937a 4500 | ||
|---|---|---|---|
| 999 |
_c38915 _d38915 |
||
| 020 | _a9788119139125 | ||
| 082 |
_a294.5 _bCOO-D |
||
| 100 |
_aCoomaraswamy, Ananda K. _eauthor. |
||
| 245 |
_aThe Dance of Shiva: _bFourteen Indian Essays/ _cAnanda K. Coomaraswamy |
||
| 260 |
_aNew Delhi: _bManohar, _c2023. |
||
| 300 |
_a196p. _bIndex |
||
| 520 | _ahe Dance Of Shiva: Fourteen Essays is a collection of fourteen stimulating essays about the uniqueness and traditionality of Indian art and culture, and was authored in the early twentieth century. These essays on Indian culture and art a offer a lucid and profound representation of the attitudes and opinions held by Indian intellectuals during the British Raj.The essays explore topics like What Has India Contributed to Human Welfare?, Music during Vedic times, Hindu View Of Art: Historical And Theory Of Beauty, Status Of Indian Women, and Cosmopolitan View Of Nietzsche, among others. Unfolding India’s large philosophical and cultural traditions, including its social organisation, its art, and attitudes toward family, romantic love, and marriage, The Dance Of Shiva: Fourteen Essays is a radical account of the Indian experience through the ages | ||
| 546 | _aEnglish | ||
| 650 |
_aHinduism _vIndian Art _xDance _zIndia |
||
| 650 |
_aHindu _vView _xArt _zIndia |
||
| 650 |
_aPhilosophy _vLife and Customs _xHindu _zIndia |
||
| 650 |
_xMusic _zIndia |
||
| 942 |
_2ddc _cBK |
||